Cosas que fueron: cuadros de costumbres
Shranjeno v:
| Glavni avtor: | |
|---|---|
| Format: | Knjiga |
| Jezik: | španščina |
| Izdano: |
Madrid
Sucesores de Rivadeneyra
1903
|
| Izdaja: | 4a. ed |
| Serija: | Paseo de San Vicente, 30
|
| Teme: | |
| Oznake: |
Označite
Brez oznak, prvi označite!
|
MARC
| LEADER | 00000cam a2200000 a 4500 | ||
|---|---|---|---|
| 001 | UCE3086 | ||
| 003 | CL-VaPUC | ||
| 008 | 140814e19030000sp |||||||||||||||||spa|d | ||
| 082 | 0 | 4 | |a 861 |b ALA |2 21 |
| 100 | 0 | |a Alarcón, Pedro Antonio de |e author |9 348482 | |
| 245 | 1 | 0 | |a Cosas que fueron: cuadros de costumbres |
| 250 | |a 4a. ed | ||
| 300 | |a 339 p | ||
| 942 | |c BK | ||
| 945 | |d 20140814 14:58:00 |a arojas | ||
| 260 | |a Madrid |b Sucesores de Rivadeneyra |c 1903 | ||
| 650 | 0 | |a Poesías españolas |9 265100 | |
| 650 | 0 | |a Literatura española |9 306261 | |
| 583 | |a last modification |c 20140814 14:58:00 |k Rodrigo Vera | ||
| 490 | 0 | |a Paseo de San Vicente, 30 | |
| 999 | |c 356535 |d 356533 | ||
| 952 | |0 0 |1 0 |3 ebr |4 0 |6 861_000000000000000_ALA_1903 |7 0 |8 P |9 463982 |a BIBEDU |b BIBEDU |c BIBEDU_PB |i 5009731 |o 861 ALA 1903 |p 5009731 |r 2024-01-25 |w 2019-11-23 |y BK |z Catalogado en:20140814 |k LIT | ||